Tv Programmes Quiz Stats

 Plays Quiz not verified by Sporcle

Also try: TV Show Sets
Challenge
Share
Tweet
Embed
Score 0/15 Timer 06:00
0 Plays Today
% Correct
Eastenders
86.7%
X Factor
85.8%
Simpsons
84.9%
Coronation Street
76%
Match of the day
69.3%
Ready Steady Cook
60%
Merlin
54.7%
Dancing On Ice
49.3%
% Correct
Cash in the Attic
48.4%
Hole in the Wall
47.1%
Neighbours
46.7%
A Question Of Sport
40.9%
Hollyoaks
33.3%
Emmerdale
27.1%
Casualty
18.2%

You're not logged in!

Compare scores with friends on all Sporcle quizzes.
OR
Log In

You Might Also Like...

Show Comments

Extras

Created Dec 5, 2009ReportNominate
Tags:program

Top Quizzes Today


Score Distribution

Your Account Isn't Verified!

In order to create a playlist on Sporcle, you need to verify the email address you used during registration. Go to your Sporcle Settings to finish the process.

Report this User

Report this user for behavior that violates our Community Guidelines.

Details: